| 000 | 00965nam a22003017a 4500 | ||
|---|---|---|---|
| 999 |
_c44874 _d44874 |
||
| 001 | 18438 | ||
| 003 | CO-MdFUSB | ||
| 005 | 20240531062738.0 | ||
| 008 | 171117t2009 sp ||||| |||| 00| 0 spa d | ||
| 020 | _a978-84-666-3290-4 | ||
| 040 |
_aCO-MdFUSB _bspa _cCO-MdFUSB _dCO-MdFUSBC _erda |
||
| 041 | 0 | _aspa | |
| 082 | 0 | 4 | _aG 225.92 T676y |
| 100 | 1 |
_aTorbado, Jesús _eautor |
|
| 245 | 1 | 0 |
_aYo, Pablo de Tarso _b: la vida afanosa y conflictiva del apóstol número trece _c / Jesús Torbado |
| 264 | 4 |
_aBarcelona : _bEdiciones B,S.A, _c©2009 |
|
| 300 | _a292 páginas | ||
| 336 |
_2rdacontent _atexto _btxt |
||
| 337 |
_2rdamedia _asin mediación _bn |
||
| 338 |
_2rdacarrier _avolumen _bnc |
||
| 501 | _apasta dura | ||
| 505 | 0 | 0 | _aPrimera carta a Rufo de Tortosa -- Segunda carta Rufo de Tortosa |
| 650 | 7 |
_aCristianismo _2 _922 |
|
| 653 | _aPablo (apóstol) | ||
| 653 | _aBiblia N.T. - Apóstol Pablo | ||
| 653 | _aCristianismo - Biografías | ||
| 942 | _cBK | ||